000 01146nam a2200289 i 4500
001 000007195
003 DO-SdBNP
005 20250401151751.0
007 ta
008 090907s2000 dr 000 0 spa d
040 _aDO-SdBNP
_bspa
_cBNPHU
_erda
082 4 _a398.2097293
_bP944a 2000
_222
100 1 _aPérez y Pérez, Rafael Leonidas
_919964
_eautor
245 1 0 _aAlgunas de las creencias y supersticiones de un pueblo fronterizo :
_bDuverge /
_cRafael Leonidas Pérez y Pérez.
264 _aSanto Domingo :
_bIMPESA,
_c2000.
300 _a33 páginas ;
_c22 cm.
336 _2rdacontent
_atexto
_btxt
337 _2rdamedia
_asin mediación
_bn
338 _2rdacarrier
_avolumen
_bnc
500 _aIncluye referencias bibliográficas y notas al pie de las paginas
590 _aInventariado, 2018/VM
650 4 _aSuperstición
_zRepública Dominicana, Duvergé (Independencia)
_919965
650 0 _aFolclore
_zRepública Dominicana, Duvergé (Independencia)
_933448
651 4 _aDuvergé (Independencia, República Dominicana)
_xVida social y costumbres
_919967
910 _aValidado. Control de calidad MFF
942 _2ddc
_cLF2
999 _c6976
_d6976